=LDR 00000nam 2200000 4500 =001 INLIS000000000034452 =005 20130612140347 =008 ***********************************ind** =035 ##$$0010-061300000034452 =041 ##$$a ind =082 ##$$a 347.07 =090 ##$$a 347.07, Kus w =100 ##$$a Kusano, Yushiro =245 ##$$a Wakai terobosan baru penyelesaian sengketa/Yushiro Kusano; Editor, TM.Luthfi Yazid =260 ##$$a 2008 $b Jakarta =300 ##$$a 215 hlm., 21 cm =650 ##$$a Sidang Pengadilan =700 ##$$a Yazid, TM. Luthfi =850 ##$$a NBPNMAT =990 ##$$a 0001/BPAP-NTB/2016